000 00632nam a2200193 4500
001 126760
003 ES-MaACL
005 20230906192856.0
007 t|
008 070214s1965 sp r ||||1| spa d
100 1 _aRethacker, Jean Philippe.
_996357
245 1 3 _aEl fútbol /
_cJean Philippe Rethacker ; prólogo, traducción y adaptación de Ramón Melcón Bartolomé.
250 _a1ª ed.
260 _aMadrid :
_bComité Olímpico Español,
_c1965.
300 _a238 p. ;
_c17 cm.
700 1 _aMelcón Bartolomé, Ramón.
_979898
710 2 _aComité Olímpico Español.
_93093
852 _aES-MaACL
_jC-28349
_bR.57658
999 _c126760
_d126760